| 000 | 00000nam##2200000za#4500 |
| 001 | 9.576364 |
| 003 | CaOODSP |
| 005 | 20210624185114 |
| 007 | cr ||||||||||| |
| 008 | 150406|1981||||xxc|||||o f|0| 0 eng|d |
| 040 | |aCaOODSP|beng |
| 043 | |an-cn--- |
| 086 | 1 |aFs97-13/304E-PDF |
| 110 | 1 |aCanada. |bDepartment of Fisheries and Oceans. |
| 245 | 10|aAge and growth of salmonids in the Experimental Ponds Area, central Newfoundland, 1977-80 / |h[electronic resource]|cby P.M. Ryan ...[et al.]. |
| 260 | |aSt. John's - Newfoundland and Labrador : |bFisheries and Oceans Canada |c1981. |
| 300 | |a290p.|breferences, tables |
| 490 | 1 |aCanadian data report of fisheries and aquatic sciences|vNo. 304 |
| 500 | |aOn t.p.: Research and Resource Services, St. John's, Newfoundland. Catalogue number of the print edition appears in the PDF version. |
| 546 | |a(Résumé en français) |
| 590 | |a13-12-Supp|b2013-05-10 |
| 720 | 1 |aRyan, P. M. |
| 830 | #0|aCanadian data report of fisheries and aquatic sciences ;|vNo. 304|w(CaOODSP)9.505124 |
| 856 | 40|ahttp://publications.gc.ca|qPDF|s7154 KB|uhttps://publications.gc.ca/collections/collection_2013/mpo-dfo/Fs97-13-304-eng.pdf|yNo. 304 |